000 00521nam a2200169 a 4500
001 000036251
005 20200930075631.0
008 120111s1984 mx a 000 0 spa d
020 _a9682509602
040 _aDO-SdBNP
_bspa
_cBNPHU
082 _axxxx
_bM929e
100 1 _aMourad, Leona
_962353
245 1 0 _aEnfermería ortopédica /
_cLeona Mourad ; traducción José Rafael Blengio.
260 _aMéxico :
_bInteramericana,
_c1984.
300 _a476 p. :
_bil. ;
_c25 cm.
700 1 _aBlengio, José Rafael,
_etr.
_949490
999 _c35742
_d35742